00731nam a2200229Ia 4500003000900000008004100009040001300050040001300063041000800076100002200084245002300106250001200129260001400141260000900155300000800164490000600172600008000178700001800258942000700276999001700283952020100300IT-RoPAU120407s9999 xx 000 0 und d aIT-RoPAU cIT-RoPAU aita aMario Caciagli  aPolitica in Italia aBologna aIl Mulino c1996 c cm v1 aI fatti dell’anno e le interpretazioni. Gli avvenimenti politici del 1995 aDavid Kertzer cBK c23272d23272 00102ddc406320_82000000000000071aPAULUSbPAULUSd2012-04-11l0o320.82r2012-04-11 00:00:00w2012-04-11yBKzInserito da: Giancarlo In data: 24 ottobre 2011 fondo: Via A.Severo 56 Progr:29398